Rubber planting at rubber plantation of chamcar andong,( ការដំដុះដំណាំកៅស៊ូនៅចំការកៅស៊ូចំការអណ្តូង). (Record no. 499)

000 -LEADER
fixed length control field 00537nam a22001577a 4500
003 - CONTROL NUMBER IDENTIFIER
control field OSt
005 - DATE AND TIME OF LATEST TRANSACTION
control field 20150915143138.0
008 - FIXED-LENGTH DATA ELEMENTS--GENERAL INFORMATION
fixed length control field 150915b xxu||||| |||| 00| 0 eng d
040 ## - CATALOGING SOURCE
Transcribing agency RUA
082 ## - DEWEY DECIMAL CLASSIFICATION NUMBER
Classification number AGR NY 1999 BOO25 Or1
100 ## - MAIN ENTRY--PERSONAL NAME
9 (RLIN) 521
Personal name NY, LUNGDY
245 ## - TITLE STATEMENT
Title Rubber planting at rubber plantation of chamcar andong,( ការដំដុះដំណាំកៅស៊ូនៅចំការកៅស៊ូចំការអណ្តូង).
260 ## - PUBLICATION, DISTRIBUTION, ETC. (IMPRINT)
Place of publication, distribution, etc. phnom phen
Name of publisher, distributor, etc. RUA
Date of publication, distribution, etc. 1999
300 ## - PHYSICAL DESCRIPTION
Extent 54p.
Other physical details ill.
Dimensions 29cm.
942 ## - ADDED ENTRY ELEMENTS (KOHA)
Source of classification or shelving scheme
Koha item type AGR

No items available.

មជ្ឈមណ្ឌលឯការនៃសាកលវិទ្យាល័យភូមិន្ទកសិកម្មចំការដូង

Powered by Koha